000 01126nam a2200325 c 4500
003 BLK
005 20250725163831.0
008 180408b bul|||||r ||||||| ||bul||
010 _aKNG00085628000
020 _a978-954-9415-39-1
_bиздат.: Водолей
040 _aBLK
041 _aBUL
_cBUL
080 _aБългарска литература
_b821.163.2
_x-311.6
_z821.163.2-311.6
100 1 _aХристозов, Петър
_eпърви автор
_9370891
139 _aХристозов, Петър
_bХ 82
245 1 0 _aДвуличието на гнома
_bПолит. роман
_cПетър Христозов.
257 _aBGR
260 София
_bВодолей
_c2008
300 _a207 с.
_c20 см
380 _aX
500 _aПетър Христозов псевд. на Христо Вълчев. - Офс. изд.
590 _aф
653 _aполитически романи
852 _aЦб 241346
856 4 _qpdf
_u
856 4 _qpdf
_u
942 _cKNG
_n0
_014
944 _aCR
_c17.09.2008
_k30530
_lМинев Младен
944 _aED
_c26.10.2009
_k
999 _c81129
_d81129